Ed Sheeran - Afire Love Lyrics - Statistics

General Stats
  • This quiz has been taken 26 times
  • The average score is 302 of 464
Answer Stats
Answer % Correct
a
100%
he
88%
He
88%
I
88%
it
88%
love
88%
me
88%
My
88%
my
88%
the
88%
to
88%
To
88%
we
88%
were
88%
we're
88%
We're
88%
you
88%
your
88%
afire
81%
And
81%
and
81%
Darling
81%
in
81%
It's
81%
on
81%
again
75%
all
75%
arms
75%
not
75%
say
75%
son
75%
then
75%
Then
75%
told
75%
with
75%
With
75%
yesterday
75%
be
69%
But
69%
doesn't
69%
face
69%
good
69%
grandma
69%
his
69%
hold
69%
Things
69%
things
69%
way
69%
devil
63%
did
63%
eyes
63%
father
63%
fault
63%
if
63%
know
63%
memory
63%
now
63%
Now
63%
one
63%
only
63%
rest
63%
took
63%
used
63%
you're
63%
You're
63%
breath
56%
fell
56%
heaven
56%
hope
56%
is
56%
last
56%
night
56%
of
56%
put
56%
Put
56%
sing
56%
that
56%
them
56%
today
56%
away
50%
bed
50%
body
50%
chest
50%
could
50%
doctors
50%
let
50%
little
50%
look
50%
medicine
50%
mine
50%
mother
50%
oh
50%
open
50%
pain
50%
place
50%
resting
50%
up
50%
while
50%
will
50%
Although
44%
as
44%
been
44%
comes
44%
death
44%
have
44%
heard
44%
I'll
44%
lips
44%
lying
44%
next
44%
our
44%
shut
44%
slowly
44%
standing
44%
sun
44%
their
44%
together
44%
until
44%
we'll
44%
brother
38%
cry
38%
family
38%
For
38%
for
38%
friend
38%
from
38%
hearts
38%
here
38%
into
38%
light
38%
rain
38%
suit
38%
tie
38%
when
38%
beat
31%
Black
31%
black
31%
hallelujah
31%
inside
31%
rise
31%
seats
31%
wrapped
31%
designed
25%
Either
25%
life
25%
paint
25%
pen
25%
remember
25%
set
25%
sisters
25%
strangers
25%
they're
25%
alight
19%
brothers
19%
Came
19%
left
19%
mind
19%
old
19%
See
19%
should
19%
Six
19%
yeah
19%
years
19%
Stapled
13%
die
6%
hallalujah
0%
touch
0%
No matching quizzes found
Score Distribution
Percent of People with Each Score
Percentile by Number Answered
Your Score History
You have not taken this quiz